000
00273nam a22001097a 4500
008
170119b xxu||||| |||| 00| 0 eng d
020
_a
9780781752930
041
_a
eng
080
_2
8TH
_a
618.2
245
_a
INTRODUCTORY MEDICAL-SURGICAL NURSING
_c
TIMBY, B.K
942
_2
udc
_c
BK
999
_c
3201
_d
3201